|
|
|
|
| LEADER |
00000nab a2200000ua 4500 |
| 001 |
vtls010827464 |
| 003 |
SK-MaSNL |
| 005 |
20260303153624.0 |
| 008 |
230222s1994 xo |||||||||||||||||eng| |
| 035 |
|
|
|a (urnnbn)urn:nbn:sk:snk:ar-a06bud
|
| 035 |
|
|
|a urn:nbn:sk:snk-ab5ta5
|
| 035 |
|
|
|a (uuid)59966dc5-7f85-4501-90af-cebbfb46cc67
|
| 040 |
|
|
|a SNKBUCL
|b slo
|c SNKBUCL
|e AACR2
|
| 041 |
0 |
|
|a eng
|
| 044 |
|
|
|a xo
|c SK
|
| 100 |
1 |
|
|a Dziewulska, A.-BOKINIEC
|4 aut
|9 1167413
|
| 245 |
1 |
0 |
|a Evaluation of CA 15-3 tumor marker in the diagnosis of breast cancer. A pilot study
|c A. Dziewulska-Bokiniec, D. Cielsielski, J. Skokowski, J. Wojtacki
|
| 700 |
1 |
|
|a Cielsielski, D.
|4 aut
|9 1175569
|
| 700 |
1 |
|
|a Skokowski, J.
|4 aut
|9 1175570
|
| 700 |
1 |
|
|a Wojtacki, J.
|4 aut
|9 1167417
|
| 773 |
0 |
|
|t Neoplasma : journal of experimental and clinical oncology
|g Roč. 41, č. 4 (1994), s. 213-216
|
| 958 |
|
|
|a OND
|
| 958 |
|
|
|a EUIPO
|
| 958 |
|
|
|a article5
|
| 999 |
|
|
|c 2029532
|d 2031462
|